The Jewish adventurers' club / (Record no. 10382)
[ view plain ]
| 000 -LEADER | |
|---|---|
| fixed length control field | 00864nam a2200277 a 4500 |
| 001 - CONTROL NUMBER | |
| control field | 1024839 |
| 003 - CONTROL NUMBER IDENTIFIER | |
| control field | OSt |
| 005 - DATE AND TIME OF LATEST TRANSACTION | |
| control field | 20160114130410.0 |
| 008 - FIXED-LENGTH DATA ELEMENTS--GENERAL INFORMATION | |
| fixed length control field | 880323s1987 nyua 000 0 eng |
| 010 ## - LIBRARY OF CONGRESS CONTROL NUMBER | |
| LC control number | 88123425 |
| 020 ## - INTERNATIONAL STANDARD BOOK NUMBER | |
| International Standard Book Number | 9780440541974 |
| Terms of availability | $4.95 |
| 040 ## - CATALOGING SOURCE | |
| Original cataloging agency | DLC |
| Transcribing agency | DLC |
| Modifying agency | DLC |
| 043 ## - GEOGRAPHIC AREA CODE | |
| Geographic area code | n-us--- |
| 050 00 - LIBRARY OF CONGRESS CALL NUMBER | |
| Classification number | E 184.J5 |
| Item number | .Se465 1987 |
| 082 00 - DEWEY DECIMAL CLASSIFICATION NUMBER | |
| Classification number | HS 973.04924 |
| Item number | J55 1987 |
| 100 ## - MAIN ENTRY--PERSONAL NAME | |
| Personal name | Selitz, Bruce |
| 9 (RLIN) | 16586 |
| 245 04 - TITLE STATEMENT | |
| Title | The Jewish adventurers' club / |
| Statement of responsibility, etc | "Commodore" Bruce Selitz ... [et al.] ; illustrations by Dennis Corrigan. |
| 260 ## - PUBLICATION, DISTRIBUTION, ETC. (IMPRINT) | |
| Place of publication, distribution, etc | New York, N.Y. : |
| Name of publisher, distributor, etc | Dell Pub. Co., |
| Date of publication, distribution, etc | c1987. |
| 300 ## - PHYSICAL DESCRIPTION | |
| Extent | 93 p. : |
| Other physical details | ill. ; |
| Dimensions | 21 cm. |
| 650 #0 - SUBJECT ADDED ENTRY--TOPICAL TERM | |
| Topical term or geographic name as entry element | Jews |
| Geographic subdivision | United States |
| General subdivision | Miscellanea. |
| 9 (RLIN) | 16587 |
| 700 1# - ADDED ENTRY--PERSONAL NAME | |
| Personal name | Selitz, Bruce. |
| 9 (RLIN) | 16588 |
| 906 ## - LOCAL DATA ELEMENT F, LDF (RLIN) | |
| a | 7 |
| b | cbc |
| c | orignew |
| d | 3 |
| e | ncip |
| f | 19 |
| g | y-gencatlg |
| 942 ## - ADDED ENTRY ELEMENTS (KOHA) | |
| Source of classification or shelving scheme | Library of Congress Classification |
| Koha item type | Books |
| Withdrawn status | Lost status | Source of classification or shelving scheme | Damaged status | Home library | Current library | Shelving location | Date acquired | Total Checkouts | Full call number | Barcode | Date last seen | Copy number | Price effective from | Koha item type |
|---|---|---|---|---|---|---|---|---|---|---|---|---|---|---|
| Library of Congress Classification | Luxembourg Library | Luxembourg Library | High School Section | 09/05/2013 | E 184.J5 .Se465 1987 | 10998 | 09/05/2013 | 1 | 09/05/2013 | Books |